Audrey Hepburn Movies - Statistics

General Stats
  • This quiz has been taken 14 times
  • The average score is 11 of 34
Answer Stats
Year Movie % Correct
1961 Breakfast at Tiffany's
92%
1964 My Fair Lady
75%
1953 Roman Holiday
75%
1954 Sabrina
75%
1963 Charade
58%
1957 Funny Face
58%
1966 How to Steal a Million
50%
1967 Wait Until Dark
50%
1959 Green Mansions
42%
1976 Robin and Marian
42%
1959 The Nun's Story
42%
1967 Two for the Road
42%
1956 War and Peace
42%
1964 Paris When It Sizzles
33%
1961 The Children's Hour
33%
1960 TheUnforgiven
33%
1989 Always
25%
1979 Bloodline
25%
1957 Love in the Afternoon
25%
1952 Secret People
25%
1949 Sauce Tartare
17%
1951 The Lavender Hill Mob
17%
1981 They All Laughed
17%
1951 Young Wives' Tale
17%
1951 Baby Beats the Band
8%
1952 tv series Betty Crocker Star Matinee
8%
1952 tv series CBS Television Workshop
8%
1951 Laughter in Paradise
8%
1987 tv movie Love Among Thieves
8%
1951 One Wild Oat
8%
1957 tv series Producers' Showcase
8%
1950 Saturday-Night Revue
8%
1951 We Go to Monte Carlo
8%
1951 BBC Sunday- Night Theatre
0%
No matching quizzes found
Score Distribution
Percent of People with Each Score
Percentile by Number Answered
Your Score History
You have not taken this quiz